00470nam a2200157Ia 4500008004100000100002000041245003800061245001900099260004000118260000900158300003200167440006200199650000900261650002000270650002200290190813s9999 xx 000 0 und d aPetka, Kathleen aJim Dine - inspired tool drawing/ cKathleen Petka bPublisher's Development Corporation c2018 aPages 26-27, September 2018 aArts and Activities: Make a Fresh Start with Artsv164: 1 aArts aArts -- Drawing aArts -- Sketching